Normal view
MARC view
- Langan ,John
Entry Personal Name
001 - CONTROL NUMBER
- control field: 87110
003 - CONTROL NUMBER IDENTIFIER
- control field: NUST
005 - DATE AND TIME OF LATEST TRANSACTION
- control field: 20211229145405.0
008 - FIXED-LENGTH DATA ELEMENTS
- fixed length control field: 211229|| aca||aabn | a|a d
040 ## - CATALOGING SOURCE
- Original cataloging agency: NUST
- Transcribing agency: NUST
100 ## - HEADING--PERSONAL NAME
- Personal name: Langan ,John
670 ## - SOURCE DATA FOUND
- Source citation: Work cat.: (NUST)31827: Langan ,John, College Writing Skills with Readings \, 2008.
